Statistics for France 2018 FIFA World Cup Squad

Click here to take the quiz!

General Stats

  • This quiz has been taken 1,439 times
    (1,387 since last reset)
  • The average score is 18 of 24

Answer Stats

PositionPlayerClub% Correct
GKHugo LlorisTottenham Hotspur
98%
MFPaul PogbaManchester United
95%
FWAntoine GriezmannAtlético Madrid
95%
DFRaphaël VaraneReal Madrid
93%
FWKylian MbappéParis Saint-Germain
93%
DFSamuel UmtitiFC Barcelona
90%
FWOlivier GiroudChelsea FC
89%
MFN'Golo KantéChelsea FC
88%
FWOusmane DembéléFC Barcelona
86%
GKSteve MandandaOlympique Marseille
81%
GKAlphonse AreolaParis Saint-Germain
77%
MFBlaise MatuidiJuventus FC
77%
DFBenjamin PavardVfB Stuttgart
73%
DFBenjamin MendyManchester City
73%
MFCorentin TolissoBayern Munich
72%
CoachDidier Deschamps\
72%
DFLucas HernándezAtlético Madrid
71%
FWNabil FekirOlympique Lyon
64%
MFSteven NzonziSevilla FC
60%
DFPresnel KimpembeParis Saint-Germain
59%
FWThomas LemarAS Monaco
56%
DFAdil RamiOlympique Marseille
56%
FWFlorian ThauvinOlympique Marseille
56%
DFDjibril SidibéAS Monaco
50%

Score Distribution

Percentile by Number Answered

Percent of People with Each Score

Your Score History

You have not taken this quiz since the last reset